CSS code : code of safe practice for cargo stowage and securing : including revised guidelines for the preparation of the cargo securing manual (Record no. 11602)

000 -LEADER
fixed length control field 00589nam a2200181 4500
008 - FIXED-LENGTH DATA ELEMENTS--GENERAL INFORMATION
fixed length control field 200320b ||||| |||| 00| 0 eng d
020 ## - INTERNATIONAL STANDARD BOOK NUMBER
International Standard Book Number 9789280115369
082 00 - DEWEY DECIMAL CLASSIFICATION NUMBER
Classification number 623.8881
Item number IMO
245 10 - TITLE STATEMENT
Title CSS code : code of safe practice for cargo stowage and securing : including revised guidelines for the preparation of the cargo securing manual
250 ## - EDITION STATEMENT
Edition statement 3
260 ## - PUBLICATION, DISTRIBUTION, ETC. (IMPRINT)
Place of publication, distribution, etc London
Name of publisher, distributor, etc International Maritime Organization
Date of publication, distribution, etc 2011
300 ## - PHYSICAL DESCRIPTION
Extent vi, 145 p.
650 #0 - SUBJECT ADDED ENTRY--TOPICAL TERM
Topical term or geographic name as entry element Cargo handling
650 #0 - SUBJECT ADDED ENTRY--TOPICAL TERM
Topical term or geographic name as entry element Stowage
650 #0 - SUBJECT ADDED ENTRY--TOPICAL TERM
Topical term or geographic name as entry element Ships - Cargo - Safety regulations
942 ## - ADDED ENTRY ELEMENTS (KOHA)
Source of classification or shelving scheme
Item type Reference book
Holdings
Withdrawn status Lost status Source of classification or shelving scheme Damaged status Not for loan Permanent location Current location Shelving location Date acquired Full call number Barcode Date last seen Koha item type Public note
          IMU-MPC Library IMU-MPC Library Reference 2020-03-20 623.8881 IMO MPC6197 2025-03-17 Reference book IMO SHELF
Copyright © 2021 Indian Maritime University, Mumbai Port Campus. All Rights Reserved. Managed & Maintained by Central Library, IMU-Mumbai

webs counters

Powered by Koha